Mountain ranges in the UK - Statistics

General Stats
  • This quiz has been taken 60 times
    40 since last reset
  • The average score is 4 of 26
Answer Stats
Constituent country Highest point (m) Answer % Correct
Scotland 1345 Grampian mountains
79%
England 893 Pennines
74%
Wales 1085 Snowdonia
65%
England 978 Lake district
56%
Wales 886 Brecon Beacons
44%
Wales 905 Cambrian Mountains
29%
England 621 Dartmoor
24%
Scotland 1181 Northwest Highlands
24%
Wales 802 Black Mountains
12%
Scotland 993 Cuillin Hills
9%
Northern Ireland 850 Mourne Mountains
9%
British Antarctic Territory 2380 Graham Land Mountains
3%
British Antarctic Territory 2150 Pensacola Mountains
3%
Tristan da Cunha (St. Helena, Ascension and Tristan da Cunha) 2062 Queen Mary's Mountains
3%
Northern Ireland 678 Sperrin Mountains
3%
South Georgia (South Georgia and the South Sandwich islands) 2935 Allardyce Mountains
0%
Coronation Island (South Orkney Islands, BAT) 960 Brisbane Heights
0%
Coronation Island (South Orkney Islands, BAT) 1265 Central Mountains
0%
British Antarctic Territory 3239 Eternity Mountains
0%
Scotland 843 Galloway forest park
0%
Falkland Islands 700 Hill Cove
0%
Montserrat 741 Katy Hills
0%
Scotland 799 Outer hebrides
0%
St. Helena (St. Helena, Ascension and Tristan da Cunha) 818 Sandy Bay Ridge
0%
Montserrat 1050 Soufrière Hills
0%
Falkland Islands 705 Wickham Heights
0%
No matching quizzes found
Score Distribution
Percent of People with Each Score
Percentile by Number Answered
Your Score History
You have not taken this quiz since the last reset